| LEADER |
00584nam0a2200169 450 |
| 001 |
16825490 |
| 010 |
|
|
|a 978-2-7511-0564-7
|b Br.
|
| 100 |
|
|
|a 20161013d2016 u u0frey01 ba
|
| 101 |
0 |
|
|a fre
|
| 200 |
0 |
|
|a Moi devant
|f Nadine Brun-Cosme, Olivier Tallec
|
| 207 |
|
1 |
|a
|
| 210 |
|
|
|c Les incorruptibles
|d 2016
|
| 700 |
|
0 |
|a Brun-Cosme
|b Nadine
|f 1960-....
|4 70
|
| 701 |
|
0 |
|a Tallec
|b Olivier
|c Auteur du texte
|f 1970-....
|4 440
|
| 900 |
|
|
|a Album
|
| 901 |
|
|
|a Accessible au prêt
|
| 995 |
|
|
|a Bibliothèque
|c Bibliothèque
|f 024017370
|h 024017370
|k A BRU
|o p
|q j
|r az
|u Incos 2016/2017 Maternelle
|e Bibliothèque
|